000 00483nam a2200181Ia 4500
005 20250508161653.0
008 008 250505s9999 xx 000 0 eng d
037 _aTextual
040 _aFEDL
_beng
_cFEDL
041 _aeng
_2eng
084 _aB, OHA
_qFEDL
100 _aGrebstein Sheldon Norman
_9771273
245 0 _aJohn O'Hara
260 _aNew York, USA
_bTwayne Publishers, Inc
_c1966
300 _a175p
942 _cTEXL
_hB, OHA
999 _c1371454
_d1371454